| 000 | 01028nam a2200229Ia 4500 | ||
|---|---|---|---|
| 999 |
_c42438 _d42438 |
||
| 001 | 9134 | ||
| 003 | GE_BSU | ||
| 005 | 20220222125214.0 | ||
| 008 | 181216s1951||||ge |||||||||||||| ||geo|| | ||
| 040 | _cGE_BSU | ||
| 041 | _ageo | ||
| 080 | _a821.353.1-32 ლ-82 | ||
| 100 |
_aლომოური, ნიკო _913557 |
||
| 245 |
_aმოთხრობები / _cს. ხუციშვილის წინასიტყვაობით, შენიშვნებით და რედაქციით. |
||
| 264 |
_aთბილისი: _bსაბჭ.მწერალი, _c1951. |
||
| 300 |
_a376 გვ.; _b2 ფურც. პორტ., _c23 სმ. |
||
| 440 |
_aქართული კლასიკური ლიტერატურა _913558 |
||
| 653 | _aმოთხრობები. | ||
| 653 | _aქართული კლასიკური ლიტერატურა | ||
| 700 |
_aხუციშვილი, ს. _eრედაქტორი _913559 |
||
| 942 |
_cBK _2udc |
||